| 000 | 00576nam a22001817a 4500 | ||
|---|---|---|---|
| 999 |
_c9278 _d9278 |
||
| 008 | 210401b ||||| |||| 00| 0 eng d | ||
| 040 | _aBMS College of Architecture | ||
| 100 | _aK, B, Shatrughan | ||
| 245 | _aAirport Terminal design Bangalore international airport Devanhalli Bangalore | ||
| 300 | _aNA | ||
| 500 | _a1BM00AT028 | ||
| 502 |
_8B.Arch _NBMS College of Architecture, Visvesvaraya Technological University _aProject report _d2005 |
||
| 650 | _aDevanhalli | ||
| 650 | _aAirport | ||
| 700 |
_aJaisim _eGuide |
||
| 700 |
_aSatish Rao _eGuide |
||
| 942 |
_2ddc _cTHE |
||